000
00305nam a2200121Ia 4500
008
191201s2014 xx 000 0 und d
100
_a
PANDIAN, Punithavathy
245
0
_a
Security Analysis and Portfolio Management
260
_a
N. Delhi
_b
Vikas
_c
2014
300
_a
559
650
_a
MBA
942
_2
ddc
_c
BK
999
_c
6226
_d
6226